Jedyny pozostały klub Ekstraklasy 2025/26 - Statystyki

Ogólne statystyki
  • Ten quiz został rozwiązany 168 razy
  • Średni wynik to 11 z 18
Statystyki odpowiedzi
Jedyny pozostały klub... Odpowiedź % Poprawnych
Który jest z województwa Podlaskiego. Jagiellonia Białystok
98%
Który ma przydomek "Wojskowi". Legia Warszawa
90%
Który jest ze wsi. Bruk-Bet Termalica Nieciecza
81%
Który co najmniej 10 razy był mistrzem Polski. Górnik Zabrze
75%
Który jest z Trójmiasta. Lechia Gdańsk
69%
Którego nazwa zaczyna się na literę "G". GKS Katowice
67%
Który brał udział w tegorocznym finale Pucharu Polski. (2025 r.) Pogoń Szczecin
67%
Który jest beniaminkiem. Arka Gdynia
65%
Który w przeciągu ostatnich pięciu lat był mistrzem Polski. Lech Poznań
63%
Który jest z województwa Mazowieckiego. Wisła Płock
60%
Który jest z województwa Śląskiego. Raków Częstochowa
49%
Który jest z województwa z jednym miastem na prawach powiatu. Korona Kielce
48%
Który ma dobre relacje z Zagłębiem Sosnowiec. Radomiak Radom
47%
Który jest z pięcioliterowego miasta. Zagłębie Lubin
47%
Który jest w Ekstraklasie. Widzew Łódź
41%
Który ma dwa kolory na swoim herbie. Cracovia
39%
Który w zeszłym sezonie miał ponad 45 punktów. Motor Lublin
38%
Który ma piłkarza z Ghany. Piast Gliwice
38%
Nie znaleziono quizów pasujących do podanych kryteriów
Rozkład punktacji
Procent ludzi z każdym wynikiem
Percentyl według liczby udzielonych odpowiedzi
Twoja historia wyników
Nie rozwiązałeś tego quizu